Giáo trình giải tích hàm = Functional analysis
Giáo trình gồm 5 chương khái quát về không gian định chuẩn, không gian Hilbert, lý thuyết toán tử; các nguyên lý cơ bản, tính chất đặc trưng của các không gian hàm thường thấy trong giải tích toán học... cuối mỗi chương có phần bài tập...
Gardado en:
| Autor Principal: | |
|---|---|
| Formato: | Libro |
| Idioma: | Undetermined |
| Publicado: |
Cần Thơ
Nxb. Đại học Cần Thơ
2014
|
| Những chủ đề: | |
| Các nhãn: |
Engadir etiqueta
Sen Etiquetas, Sexa o primeiro en etiquetar este rexistro!
|
| Thư viện lưu trữ: | Trung tâm Học liệu Trường Đại học Cần Thơ |
|---|
| LEADER | 01053nam a2200241Ia 4500 | ||
|---|---|---|---|
| 001 | CTU_187570 | ||
| 008 | 210402s9999 xx 000 0 und d | ||
| 020 | |c 23000 | ||
| 082 | |a 515.7 | ||
| 082 | |b Kh107 | ||
| 100 | |a Nguyễn, Hữu Khánh | ||
| 245 | 0 | |a Giáo trình giải tích hàm = | |
| 245 | 0 | |b Functional analysis | |
| 245 | 0 | |c Nguyễn Hữu Khánh, Lê Thanh Tùng | |
| 260 | |a Cần Thơ | ||
| 260 | |b Nxb. Đại học Cần Thơ | ||
| 260 | |c 2014 | ||
| 520 | |a Giáo trình gồm 5 chương khái quát về không gian định chuẩn, không gian Hilbert, lý thuyết toán tử; các nguyên lý cơ bản, tính chất đặc trưng của các không gian hàm thường thấy trong giải tích toán học... cuối mỗi chương có phần bài tập | ||
| 526 | |a Giải tích hàm | ||
| 526 | |b TN191 | ||
| 650 | |a Functional analysis,Giải tích hàm | ||
| 904 | |i Tuyến | ||
| 980 | |a Trung tâm Học liệu Trường Đại học Cần Thơ | ||